Visualizzazione normale
Vista MARC
- Patrizi Massimo
di Personal Name
Records bibliografici associati: 1
001 - CONTROL NUMBER
- control field: 38343
003 - CONTROL NUMBER IDENTIFIER
- control field: IT-RoPau
005 - DATE AND TIME OF LATEST TRANSACTION
- control field: 20151125215434.0
008 - FIXED-LENGTH DATA ELEMENTS
- fixed length control field: 151125|| aca||aabn | a|a d
040 ## - CATALOGING SOURCE
- Original cataloging agency: IT-RoPau
- Transcribing agency: IT-RoPau
100 ## - HEADING--PERSONAL NAME
- Personal name: Patrizi Massimo
- Relator term: (soggetto)
- Miscellaneous information: Codice Soggetto 2° SPICS: 32071
670 ## - SOURCE DATA FOUND
- Source citation: Work cat.: (IT-RoPau)104908: Comencini Luigi Codice regista SPICS: 7883 38337, CERCASI GESU' CERCASI GESU' (Rif. Codice opera principale : 41584)